| 000 | 00822 a2200241 4500 | ||
|---|---|---|---|
| 003 | OSt | ||
| 005 | 20180116182800.0 | ||
| 008 | 170721b xxu||||| |||| 00| 0 eng d | ||
| 020 | _a9780071129497 | ||
| 020 | _a9780071129497 | ||
| 040 | _c0 | ||
| 082 | _a004.68 FOR 1992 | ||
| 100 | 1 | _aPaul J. Fortier,Editor | |
| 245 | 1 | 0 |
_aHandbook of LAN Technology _blan technology / _cPaul J. Fortier,Editor |
| 250 | _a2nd edition ed. | ||
| 260 |
_a[S.l.] : _bMcGraw-Hill Education (ISE Editions), _c1992 |
||
| 300 |
_a732p. _bHB |
||
| 440 | _aHandbook of LAN Technology | ||
| 500 | _aPaperback. | ||
| 856 | 4 | 0 |
_3Amazon.com _uhttp://www.amazon.com/exec/obidos/ASIN/0071129499/chopaconline-20 |
| 856 | 4 | 0 |
_3Amazon customer reviews _uhttp://www.chopac.org/cgi-bin/tools/azrev.pl?q=0071129499 |
| 942 |
_aNBS _cBK _k00468 FOR _2ddc |
||
| 999 |
_c345882 _d345882 |
||